[Event "Obert Figueres Miquel Mas 2010"]
[Site "Figueres ESP"]
[Date "2010.08.17"]
[Round "8.20"]
[White "Garcia, Richard"]
[Black "Lazaro Porta, Angel"]
[Result "1-0"]
[WhiteElo "1761"]
[BlackElo "1974"]
[PlyCount "79"]
[EventDate "2011.08.11"]
[EventType "swiss"]
[EventRounds "9"]
[EventCountry "ESP"]
[Source "lmi"]
[SourceDate "2010.08.11"]

1. d4 Nf6 2. c4 e6 3. Nf3 c5 4. d5 exd5 5. cxd5 d6 6. Nc3 g6 7. e4 Bg7 8. Bb5+
Nfd7 9. O-O O-O 10. a4 a6 11. Be2 Re8 12. Be3 Nf6 13. Nd2 Nbd7 14. f4 Nb6 15.
Bf2 h5 16. Bh4 Qc7 17. a5 Nbd7 18. h3 b5 19. axb6 Nxb6 20. Qc2 Nh7 21. Nf3 f5
22. e5 Bb7 23. Rad1 dxe5 24. d6 Qd7 25. Qb3+ c4 26. Qxb6 e4 27. Bxc4+ Kh8 28.
Ng5 Nxg5 29. Bxg5 Rec8 30. Qb3 Bc6 31. Be6 Qa7+ 32. Kh2 Rab8 33. Qa2 Bd7 34.
Bxd7 Qxd7 35. Qa4 Rc6 36. Be7 Rxb2 37. Rc1 Rb7 38. Nd5 Rxc1 39. Qxd7 Rxd7 40.
Rxc1 1-0

[Event "Obert Figueres Miquel Mas 2010"]
[Site "Figueres ESP"]
[Date "2010.08.17"]
[Round "8.21"]
[White "Mirasol Obrador, Miquel"]
[Black "Colls Gelaberto, Emili"]
[Result "0-1"]
[WhiteElo "1832"]
[BlackElo "2247"]
[PlyCount "124"]
[EventDate "2011.08.11"]
[EventType "swiss"]
[EventRounds "9"]
[EventCountry "ESP"]
[Source "lmi"]
[SourceDate "2010.08.11"]

1. d4 Nf6 2. c4 g6 3. Nc3 Bg7 4. g3 O-O 5. Bg2 d6 6. Nf3 c6 7. O-O Qa5 8. Bd2
e5 9. dxe5 dxe5 10. Ne4 Qc7 11. Nxf6+ Bxf6 12. Bc3 Bf5 13. Nd2 Nd7 14. e4 Be6
15. Qe2 Bg7 16. b4 Rfd8 17. Rfd1 f6 18. a3 Nf8 19. Nb3 Bh6 20. Nc5 Bf7 21. Bf1
b6 22. Nb3 Ne6 23. Rxd8+ Rxd8 24. Rd1 c5 25. Rxd8+ Qxd8 26. Qd3 Qc7 27. bxc5
bxc5 28. Bd2 Bxd2 29. Qxd2 Nd4 30. Nxd4 exd4 31. f4 Qb6 32. Qc2 Qa5 33. Qd3 Qc3
34. Kf2 Qb2+ 35. Be2 Be6 36. f5 gxf5 37. exf5 Bf7 38. g4 Qc1 39. Kg2 Kf8 40. h3
Qc3 41. Kf2 Ke7 42. Qe4+ Kf8 43. Qd3 Qc1 44. Kg2 Qf4 45. Qf3 Qxf3+ 46. Kxf3 Ke7
47. h4 h6 48. Kf4 Kd6 49. Bd3 Be8 50. g5 fxg5+ 51. hxg5 hxg5+ 52. Kxg5 Ke5 53.
f6 Bf7 54. Bg6 Bxc4 55. f7 Bxf7 56. Bxf7 d3 57. Kg4 Ke4 58. Kg3 d2 59. Bb3 c4
60. Bc2+ Ke3 61. Bd1 c3 62. Kg2 Kd3 0-1

[Event "Obert Figueres Miquel Mas 2010"]
[Site "Figueres ESP"]
[Date "2010.08.17"]
[Round "8.23"]
[White "Aguila Hernandez, Eduardo"]
[Black "Ruiz Font, Elisabet"]
[Result "0-1"]
[WhiteElo "1734"]
[BlackElo "1899"]
[PlyCount "64"]
[EventDate "2011.08.11"]
[EventType "swiss"]
[EventRounds "9"]
[EventCountry "ESP"]
[Source "lmi"]
[SourceDate "2010.08.11"]

1. e4 c5 2. Nf3 g6 3. d4 cxd4 4. Nxd4 Bg7 5. Nc3 Nc6 6. Be3 Nf6 7. Bc4 Qa5 8.
f3 O-O 9. Qd2 Qb4 10. Bb3 a5 11. Ndb5 a4 12. Bb6 axb3 13. cxb3 Nxe4 14. Qd3
Nxc3 15. bxc3 Bxc3+ 16. Ke2 Bxa1 17. Rxa1 d6 18. Nc7 Bf5 19. Qe3 Rac8 20. g3
Nd4+ 21. Bxd4 Rxc7 22. g4 Bd7 23. Kf2 Rc2+ 24. Kg3 Qd2 25. Qg1 Bc6 26. h4 Qe2
27. Rf1 f5 28. g5 f4+ 29. Kh3 Bxf3 30. Rf2 Qe6+ 31. Kh2 Rxf2+ 32. Qxf2 Qe2 0-1

[Event "Obert Figueres Miquel Mas 2010"]
[Site "Figueres ESP"]
[Date "2010.08.17"]
[Round "8.24"]
[White "Cano Egea, Gerard"]
[Black "Vinas Serra, Jaume"]
[Result "0-1"]
[WhiteElo "1698"]
[BlackElo "1878"]
[PlyCount "120"]
[EventDate "2011.08.11"]
[EventType "swiss"]
[EventRounds "9"]
[EventCountry "ESP"]
[Source "lmi"]
[SourceDate "2010.08.11"]

1. e4 Nf6 2. e5 Nd5 3. d4 d6 4. c4 Nb6 5. exd6 exd6 6. Nc3 Be7 7. Nf3 Bg4 8.
Be3 Nc6 9. b3 O-O 10. Be2 Bf6 11. O-O Re8 12. Rc1 Ne7 13. Ne4 Ned5 14. Nxf6+
Nxf6 15. Bg5 c6 16. Re1 Nbd7 17. Qc2 Qa5 18. Qd2 Qxd2 19. Bxd2 Ne4 20. Bf4 Ndf6
21. h3 Bh5 22. g4 Bg6 23. Nh4 h6 24. Nxg6 fxg6 25. Bd3 Kf7 26. Kg2 Rad8 27. f3
Ng5 28. Bxg5 hxg5 29. Kf2 Rxe1 30. Rxe1 Re8 31. Rxe8 Nxe8 32. c5 dxc5 33. dxc5
Nc7 34. Bc4+ Kf6 35. Ke3 Ke5 36. b4 b6 37. cxb6 axb6 38. a3 Ne8 39. a4 Nc7 40.
a5 b5 41. Bb3 Na6 42. Bf7 Nxb4 43. Bxg6 Na6 44. Be8 Nb4 45. Bd7 Kd6 46. Bc8 Kc7
47. Bf5 Kb7 48. f4 Nd5+ 49. Ke4 Nxf4 50. h4 Nd5 51. hxg5 Ka6 52. Be6 b4 53. Kd4
Kxa5 54. Kc5 b3 55. Kxc6 b2 56. Bf5 Ne7+ 57. Kd7 Nxf5 58. gxf5 b1=Q 59. f6 Qg6
60. Ke7 Qxg5 0-1

[Event "Obert Figueres Miquel Mas 2010"]
[Site "Figueres ESP"]
[Date "2010.08.17"]
[Round "8.25"]
[White "Perez Lopez, Alfonso"]
[Black "Torrent Lagresa, Josep M"]
[Result "1-0"]
[WhiteElo "1905"]
[BlackElo "1641"]
[PlyCount "47"]
[EventDate "2011.08.11"]
[EventType "swiss"]
[EventRounds "9"]
[EventCountry "ESP"]
[Source "lmi"]
[SourceDate "2010.08.11"]

1. c4 e5 2. Nc3 Nf6 3. Nf3 Nc6 4. g3 d6 5. Bg2 Bd7 6. O-O Be7 7. d4 exd4 8.
Nxd4 O-O 9. e4 Rb8 10. b3 a6 11. Bb2 Re8 12. Nd5 Nxd5 13. cxd5 Nxd4 14. Bxd4
Bf6 15. Rc1 Rc8 16. b4 c6 17. f4 cxd5 18. Rxc8 Bxc8 19. Bxf6 Qxf6 20. Qxd5 Qe7
21. Rd1 Rd8 22. e5 Be6 23. exd6 Bxd5 24. dxe7 1-0

[Event "Obert Figueres Miquel Mas 2010"]
[Site "Figueres ESP"]
[Date "2010.08.17"]
[Round "8.26"]
[White "Vidal Zamora, Cristina"]
[Black "Alonso Jimenez, Joan"]
[Result "1-0"]
[WhiteElo "1677"]
[BlackElo "1992"]
[PlyCount "109"]
[EventDate "2011.08.11"]
[EventType "swiss"]
[EventRounds "9"]
[EventCountry "ESP"]
[Source "lmi"]
[SourceDate "2010.08.11"]

1. e4 c5 2. Nf3 Nc6 3. d4 cxd4 4. Nxd4 Nf6 5. Nc3 e5 6. Ndb5 d6 7. Bg5 a6 8.
Na3 b5 9. Nd5 Be7 10. Bxf6 gxf6 11. c3 Be6 12. Nc2 f5 13. Nxe7 Nxe7 14. f3 Qb6
15. Qd2 fxe4 16. fxe4 Qb7 17. Bd3 Ng6 18. Ne3 Rd8 19. Rf1 Nf4 20. g3 d5 21.
O-O-O Nxd3+ 22. Qxd3 d4 23. Kb1 O-O 24. Nf5 Bxf5 25. Rxf5 f6 26. cxd4 Rxd4 27.
Qb3+ Rc4 28. Rd5 Kg7 29. Qd1 Rf7 30. Qg4+ Kf8 31. Qh4 Qc6 32. Qh6+ Ke8 33. Qd2
Rc7 34. Rf1 Rd4 35. Rxd4 exd4 36. Re1 Kf7 37. a3 Rd7 38. e5 fxe5 39. Rxe5 Qg6+
40. Ka1 Rd6 41. Qf2+ Rf6 42. Qxd4 Rf1+ 43. Ka2 Qb1+ 44. Kb3 Rf6 45. Qd5+ Kf8
46. Qd8+ Kg7 47. Re7+ Rf7 48. Qd7 Kf8 49. Re3 Kg8 50. Re8+ Rf8 51. Qd5+ Kg7 52.
Re7+ Kg6 53. Qe6+ Kh5 54. Qh3+ Kg5 55. Qh4+ 1-0

[Event "Obert Figueres Miquel Mas 2010"]
[Site "Figueres ESP"]
[Date "2010.08.17"]
[Round "8.27"]
[White "Puig Carres, Josep"]
[Black "Fleta Marin, Sergio"]
[Result "1-0"]
[WhiteElo "1839"]
[BlackElo "1720"]
[PlyCount "72"]
[EventDate "2011.08.11"]
[EventType "swiss"]
[EventRounds "9"]
[EventCountry "ESP"]
[Source "lmi"]
[SourceDate "2010.08.11"]

1. c4 e5 2. Nc3 Nc6 3. g3 g6 4. Bg2 Bg7 5. Nf3 d6 6. O-O f5 7. d3 h6 8. Rb1 a5
9. a3 Rb8 10. Bd2 Nf6 11. Qb3 Be6 12. Nd5 O-O 13. Nxf6+ Rxf6 14. Rfc1 g5 15. e3
Ne7 16. Bxa5 Qd7 17. Qc2 f4 18. exf4 gxf4 19. d4 Bf5 20. Qb3 e4 21. Nh4 Bh7 22.
gxf4 Nf5 23. c5+ d5 24. Nxf5 Bxf5 25. Kh1 Kh8 26. Bd2 Rg6 27. Qe3 Rg8 28. Rg1
Bf8 29. f3 h5 30. fxe4 dxe4 31. Qe2 Rxg2 32. Rxg2 Bg4 33. Qxe4 Bf5 34. Rxg8+
Kxg8 35. Qg2+ Kf7 36. Bc3 c6 1-0

[Event "Obert Figueres Miquel Mas 2010"]
[Site "Figueres ESP"]
[Date "2010.08.17"]
[Round "8.28"]
[White "Sanchez Cobo, Javier"]
[Black "Asensio Graells, Ricard"]
[Result "1-0"]
[WhiteElo "1832"]
[BlackElo "1489"]
[PlyCount "59"]
[EventDate "2011.08.11"]
[EventType "swiss"]
[EventRounds "9"]
[EventCountry "ESP"]
[Source "lmi"]
[SourceDate "2010.08.11"]

1. e4 d5 2. e5 Bf5 3. f4 Nh6 4. Nf3 Nc6 5. d3 e6 6. Be2 Bg4 7. O-O Nf5 8. c3
Bc5+ 9. d4 Bb6 10. Na3 a6 11. Nc2 f6 12. Kh1 h5 13. Bd3 Nce7 14. Ne3 Nxe3 15.
Bxe3 Nf5 16. Bxf5 Bxf5 17. Qe1 Qe7 18. Nh4 Bh7 19. f5 Qf7 20. Qg3 exf5 21. Nxf5
g6 22. Nh6 Qe6 23. Rxf6 Qe7 24. Bg5 Qd7 25. Raf1 Qb5 26. h3 Rd8 27. e6 Rd6 28.
Rf8+ Rxf8 29. Rxf8+ Kxf8 30. Qf4+ 1-0

[Event "Obert Figueres Miquel Mas 2010"]
[Site "Figueres ESP"]
[Date "2010.08.17"]
[Round "8.29"]
[White "Altimira Roses, Jordi"]
[Black "Saez Coma, Alejandro"]
[Result "1-0"]
[WhiteElo "1828"]
[BlackElo "1477"]
[PlyCount "55"]
[EventDate "2011.08.11"]
[EventType "swiss"]
[EventRounds "9"]
[EventCountry "ESP"]
[Source "lmi"]
[SourceDate "2010.08.11"]

1. e4 c5 2. Nc3 d6 3. f4 a6 4. a4 e6 5. Nf3 Nf6 6. Bc4 Nc6 7. O-O Be7 8. Qe1 d5
9. exd5 Nxd5 10. d3 O-O 11. Qg3 b6 12. Ne4 f5 13. Nc3 Rf6 14. Ne5 Nxe5 15. fxe5
Rg6 16. Qf3 Bb7 17. Nxd5 exd5 18. Ba2 Kh8 19. Bf4 Ra7 20. Bg3 d4 21. Qxf5 Ra8
22. Rae1 Rg5 23. Qf7 h5 24. Rf5 Rxf5 25. Qxf5 g5 26. Qg6 Bd5 27. e6 Bf6 28.
Bxd5 1-0

[Event "Obert Figueres Miquel Mas 2010"]
[Site "Figueres ESP"]
[Date "2010.08.17"]
[Round "8.31"]
[White "Regincos Oliva, Laura"]
[Black "Garcia-Castany Musellas, Gal La"]
[Result "0-1"]
[WhiteElo "1337"]
[BlackElo "1753"]
[PlyCount "34"]
[EventDate "2011.08.11"]
[EventType "swiss"]
[EventRounds "9"]
[EventCountry "ESP"]
[Source "lmi"]
[SourceDate "2010.08.11"]

1. Nf3 d5 2. d4 Nf6 3. c4 e6 4. e3 c6 5. b3 Nbd7 6. Bd3 Bd6 7. O-O O-O 8. c5
Bc7 9. Nc3 e5 10. dxe5 Nxe5 11. Nxe5 Bxe5 12. Bb2 Bxh2+ 13. Kxh2 Ng4+ 14. Kg1
Qh4 15. Re1 Qxf2+ 16. Kh1 Qh4+ 17. Kg1 Qh2+ 0-1

[Event "Obert Figueres Miquel Mas 2010"]
[Site "Figueres ESP"]
[Date "2010.08.17"]
[Round "8.32"]
[White "Gallegos Saliner, Josep M"]
[Black "Mayer, Christian"]
[Result "1-0"]
[WhiteElo "1560"]
[BlackElo "1877"]
[PlyCount "63"]
[EventDate "2011.08.11"]
[EventType "swiss"]
[EventRounds "9"]
[EventCountry "ESP"]
[Source "lmi"]
[SourceDate "2010.08.11"]

1. e4 c6 2. d4 d5 3. exd5 cxd5 4. c4 Nf6 5. Nc3 e6 6. Nf3 Bb4 7. cxd5 Nxd5 8.
Bd2 Nc6 9. Bd3 O-O 10. O-O Be7 11. a3 Nf6 12. Be3 b6 13. Qc2 Bb7 14. Rfd1 Rc8
15. Rac1 Re8 16. Bf4 g6 17. Bb5 a6 18. Ba4 b5 19. Bb3 Na5 20. Ba2 Nd5 21. Bxd5
Bxd5 22. Qe2 Bb3 23. Re1 Nc4 24. Nd1 g5 25. Bg3 h5 26. h3 Bxd1 27. Rexd1 Qd5
28. Ne5 Nxe5 29. Bxe5 Rxc1 30. Rxc1 f6 31. Qxh5 fxe5 32. Qxe8+ 1-0

[Event "Obert Figueres Miquel Mas 2010"]
[Site "Figueres ESP"]
[Date "2010.08.17"]
[Round "8.33"]
[White "Padrosa Baro, Carles"]
[Black "Idoate Arrazurria, Ricardo"]
[Result "1-0"]
[WhiteElo "1862"]
[BlackElo "1599"]
[PlyCount "87"]
[EventDate "2011.08.11"]
[EventType "swiss"]
[EventRounds "9"]
[EventCountry "ESP"]
[Source "lmi"]
[SourceDate "2010.08.11"]

1. e4 c5 2. Nf3 d6 3. d4 cxd4 4. Nxd4 g6 5. Nc3 Bg7 6. Be2 Nf6 7. O-O O-O 8.
Be3 a6 9. h3 Bd7 10. Qd2 Nc6 11. Nb3 Qc7 12. Rad1 Rfd8 13. a3 Ne8 14. Nd5 Qb8
15. c3 Be6 16. c4 Bxd5 17. cxd5 Ne5 18. f4 Nd7 19. Rc1 Nef6 20. Bf3 Rc8 21.
Rxc8+ Qxc8 22. Rc1 Qd8 23. Na5 b6 24. Nc6 Qe8 25. b4 Kf8 26. Bd4 Ng8 27. Bxg7+
Kxg7 28. Qd4+ f6 29. Kh2 Rc8 30. Re1 h5 31. Re2 Nh6 32. Qf2 Kh7 33. g4 hxg4 34.
hxg4 g5 35. e5 gxf4 36. exf6 Ne5 37. Nxe5 dxe5 38. Rxe5 Rc7 39. d6 Rd7 40.
Rxe7+ Rxe7 41. dxe7 Qd7 42. Qe2 Qe8 43. Qe6 Kg6 44. f7+ 1-0

[Event "Obert Figueres Miquel Mas 2010"]
[Site "Figueres ESP"]
[Date "2010.08.17"]
[Round "8.35"]
[White "Vilanova Olmedo, Ignaci"]
[Black "Suita Rodriguez, Natalia"]
[Result "1-0"]
[WhiteElo "1687"]
[BlackElo "1600"]
[PlyCount "61"]
[EventDate "2011.08.11"]
[EventType "swiss"]
[EventRounds "9"]
[EventCountry "ESP"]
[Source "lmi"]
[SourceDate "2010.08.11"]

1. d4 e6 2. Nf3 d5 3. e3 c5 4. c3 Nc6 5. Bd3 Nf6 6. Nbd2 Bd6 7. O-O O-O 8. Qe2
Re8 9. e4 e5 10. dxe5 Nxe5 11. Nxe5 Bxe5 12. f4 Bg4 13. Qf2 Bc7 14. e5 c4 15.
Qg3 Nd7 16. Bxh7+ Kxh7 17. Qxg4 Nc5 18. Nf3 Nd3 19. Ng5+ Kg8 20. Be3 Bb6 21.
Bd4 Bxd4+ 22. cxd4 Qb6 23. Qh5 Qxd4+ 24. Kh1 Nf2+ 25. Rxf2 Qxf2 26. Qxf7+ Kh8
27. Qh5+ Kg8 28. Qh7+ Kf8 29. Qh8+ Ke7 30. Qxg7+ Kd8 31. e6 1-0

[Event "Obert Figueres Miquel Mas 2010"]
[Site "Figueres ESP"]
[Date "2010.08.17"]
[Round "8.36"]
[White "Vidal Palou, Jordi"]
[Black "Garcia Castany, Jose"]
[Result "1/2-1/2"]
[WhiteElo "1649"]
[BlackElo "1477"]
[PlyCount "49"]
[EventDate "2011.08.11"]
[EventType "swiss"]
[EventRounds "9"]
[EventCountry "ESP"]
[Source "lmi"]
[SourceDate "2010.08.11"]

1. d4 Nf6 2. Bf4 d5 3. Nf3 e6 4. e3 Bd6 5. Ne5 O-O 6. Bd3 Nbd7 7. h3 Nxe5 8.
dxe5 g5 9. exf6 Qxf6 10. Qh5 h6 11. Bxd6 cxd6 12. O-O e5 13. f4 e4 14. fxg5
Qxb2 15. g6 Qxa1 16. gxf7+ Kg7 17. c3 Qb2 18. Qxd5 exd3 19. Qd4+ Kh7 20. Qxd3+
Kh8 21. Rf6 Qxb1+ 22. Kh2 Bf5 23. Qxd6 Bg6 24. Qe7 Qxa2 25. Re6 1/2-1/2

[Event "Obert Figueres Miquel Mas 2010"]
[Site "Figueres ESP"]
[Date "2010.08.17"]
[Round "8.37"]
[White "Andres Sebastian, Luis"]
[Black "Vazquez Montreal, Enric"]
[Result "1/2-1/2"]
[WhiteElo "1493"]
[BlackElo "1678"]
[PlyCount "61"]
[EventDate "2011.08.11"]
[EventType "swiss"]
[EventRounds "9"]
[EventCountry "ESP"]
[Source "lmi"]
[SourceDate "2010.08.11"]

1. e4 e6 2. d4 d5 3. e5 c5 4. Bb5+ Bd7 5. Nc3 cxd4 6. Qxd4 Bxb5 7. Nxb5 Qa5+ 8.
Nc3 Nc6 9. Qa4 Qxa4 10. Nxa4 Nxe5 11. Ne2 Rc8 12. Nd4 Rc4 13. c3 Rxa4 14. O-O
Rc4 15. Bd2 Nf6 16. h3 Be7 17. Bg5 O-O 18. Rac1 h6 19. b3 Rcc8 20. Bxf6 Bxf6
21. Rc2 Nc6 22. Ne2 e5 23. f4 d4 24. Ng3 Nb4 25. Rcf2 exf4 26. Rxf4 Nd5 27. Rg4
Ne3 28. Rxf6 Nxg4 29. Rf4 Nf6 30. cxd4 g5 31. Rxf6 1/2-1/2

[Event "Obert Figueres Miquel Mas 2010"]
[Site "Figueres ESP"]
[Date "2010.08.17"]
[Round "8.38"]
[White "Serra Canals, Oriol"]
[Black "Cantenys Pages, Carles"]
[Result "1/2-1/2"]
[WhiteElo "1607"]
[BlackElo "1490"]
[PlyCount "108"]
[EventDate "2011.08.11"]
[EventType "swiss"]
[EventRounds "9"]
[EventCountry "ESP"]
[Source "lmi"]
[SourceDate "2010.08.11"]

1. d4 d5 2. c4 c6 3. Nc3 e6 4. Nf3 Nf6 5. cxd5 cxd5 6. Bg5 Be7 7. e3 O-O 8. Bd3
Nbd7 9. Qc2 g6 10. O-O Nh5 11. Bxe7 Qxe7 12. Rac1 a6 13. Ne2 Qd8 14. Rfd1 b5
15. Qc6 Rb8 16. Qc7 Qxc7 17. Rxc7 Rb7 18. Rdc1 Rxc7 19. Rxc7 Nhf6 20. Nf4 Nb6
21. Ne5 Nfd7 22. Nc6 Re8 23. g3 Kf8 24. Ra7 e5 25. dxe5 Nxe5 26. Nxe5 Rxe5 27.
Rc7 Re8 28. Rc6 Nc4 29. Bxc4 dxc4 30. Nd5 Bb7 31. Rd6 Re5 32. Nb6 Kg7 33. Nd7
Rd5 34. Rxd5 Bxd5 35. Nc5 a5 36. Nd7 b4 37. Nb6 Be6 38. Kf1 c3 39. bxc3 bxc3
40. Ke1 Bxa2 41. Na4 c2 42. Kd2 Bb3 43. Nc3 a4 44. Nb5 f5 45. Na3 Kf6 46. Nxc2
Bxc2 47. Kxc2 g5 48. Kb2 g4 49. Ka3 h5 50. Kxa4 Ke5 51. Kb4 Ke4 52. Kc4 Kf3 53.
Kd4 Kxf2 54. Ke5 Kg2 1/2-1/2

[Event "Obert Figueres Miquel Mas 2010"]
[Site "Figueres ESP"]
[Date "2010.08.17"]
[Round "8.39"]
[White "Febrero Perez, Lluis"]
[Black "Cano Egea, Joan Manuel"]
[Result "1/2-1/2"]
[WhiteElo "1568"]
[BlackElo "1441"]
[PlyCount "51"]
[EventDate "2011.08.11"]
[EventType "swiss"]
[EventRounds "9"]
[EventCountry "ESP"]
[Source "lmi"]
[SourceDate "2010.08.11"]

1. e4 e5 2. Nf3 Nc6 3. d4 exd4 4. Nxd4 Nf6 5. Nxc6 bxc6 6. Qf3 Qe7 7. Bd3 d5 8.
O-O Bg4 9. Qg3 dxe4 10. Re1 Qb4 11. Bd2 Qb6 12. Bxe4 Be7 13. Qe5 Be6 14. Ba5
Qb7 15. Bxc7 O-O 16. Nd2 Rac8 17. Ba5 Rfe8 18. Bc3 Rcd8 19. Nf3 Bd6 20. Qg5 h6
21. Qh4 Nxe4 22. Rxe4 Bd5 23. Rxe8+ Rxe8 24. Qd4 Bf8 25. Qd2 Qc7 26. Nd4
1/2-1/2

[Event "Obert Figueres Miquel Mas 2010"]
[Site "Figueres ESP"]
[Date "2010.08.17"]
[Round "8.40"]
[White "Sanchez Urpi, Xavier"]
[Black "Cruanas Verdu, Joaquim"]
[Result "1-0"]
[WhiteElo "1370"]
[BlackElo "1554"]
[PlyCount "49"]
[EventDate "2011.08.11"]
[EventType "swiss"]
[EventRounds "9"]
[EventCountry "ESP"]
[Source "lmi"]
[SourceDate "2010.08.11"]

1. e4 e5 2. Nc3 Bc5 3. Bc4 Nf6 4. Bb3 d6 5. h3 O-O 6. d3 Be6 7. Bg5 c6 8. Nge2
d5 9. O-O d4 10. Na4 Bd6 11. Bxe6 fxe6 12. b3 b5 13. Nb2 b4 14. Nc4 Bc7 15. f4
exf4 16. e5 Qd5 17. Nxf4 Qd7 18. exf6 h6 19. fxg7 Kxg7 20. Nh5+ Kg8 21. Rxf8+
Kxf8 22. Bxh6+ Ke7 23. Qf3 Na6 24. Qf6+ Ke8 25. Qf8# 1-0

[Event "Obert Figueres Miquel Mas 2010"]
[Site "Figueres ESP"]
[Date "2010.08.18"]
[Round "9.1"]
[White "Martinez Duany, Lelys Stanley"]
[Black "Corrales Jimenez, Fidel"]
[Result "1/2-1/2"]
[WhiteElo "2510"]
[BlackElo "2574"]
[PlyCount "23"]
[EventDate "2011.08.11"]
[EventType "swiss"]
[EventRounds "9"]
[EventCountry "ESP"]
[Source "lmi"]
[SourceDate "2010.08.11"]

1. e4 e5 2. Nf3 Nc6 3. Bb5 a6 4. Ba4 Nf6 5. O-O b5 6. Bb3 Be7 7. Re1 d6 8. c3
O-O 9. h3 Na5 10. Bc2 c5 11. d4 cxd4 12. cxd4 1/2-1/2

[Event "Obert Figueres Miquel Mas 2010"]
[Site "Figueres ESP"]
[Date "2010.08.18"]
[Round "9.7"]
[White "Sorbe, Stephane"]
[Black "Adrian, Claude"]
[Result "1-0"]
[WhiteElo "2358"]
[BlackElo "2292"]
[PlyCount "80"]
[EventDate "2011.08.11"]
[EventType "swiss"]
[EventRounds "9"]
[EventCountry "ESP"]
[Source "lmi"]
[SourceDate "2010.08.11"]

1. e4 e6 2. d4 d5 3. Nd2 Nf6 4. e5 Nfd7 5. Bd3 c5 6. c3 Nc6 7. Ne2 cxd4 8. cxd4
f6 9. exf6 Nxf6 10. Nf3 Bd6 11. O-O O-O 12. Bg5 Qb6 13. Nc3 Bd7 14. Qd2 Nh5 15.
Rad1 Rxf3 16. gxf3 Rf8 17. Qe3 a6 18. Ne2 Qc7 19. Ng3 Bf4 20. Bxf4 Nxf4 21. Ne2
Nxe2+ 22. Bxe2 Qd8 23. Kh1 Qh4 24. Rg1 Ne7 25. Bd3 Rf6 26. Rg4 Qh5 27. Rdg1 g6
28. R4g3 Bc6 29. f4 Nf5 30. Bxf5 Qxf5 31. f3 Qxf4 32. Qxf4 Rxf4 33. Rc1 Kf7 34.
Kg1 Kf6 35. Kf2 Rh4 36. Rg2 e5 37. dxe5+ Kxe5 38. Kg3 g5 39. Re2+ Kd6 40. Re3
Ra4 1-0

[Event "Obert Figueres Miquel Mas 2010"]
[Site "Figueres ESP"]
[Date "2010.08.18"]
[Round "9.8"]
[White "Huerga Leache, Mikel"]
[Black "Colls Bosch, Emili"]
[Result "1-0"]
[WhiteElo "2424"]
[BlackElo "2010"]
[PlyCount "79"]
[EventDate "2011.08.11"]
[EventType "swiss"]
[EventRounds "9"]
[EventCountry "ESP"]
[Source "lmi"]
[SourceDate "2010.08.11"]

1. e4 Nf6 2. e5 Nd5 3. d4 d6 4. c4 Nb6 5. exd6 cxd6 6. Nc3 g6 7. Be3 Bg7 8. Rc1
O-O 9. b3 Nc6 10. d5 Ne5 11. Be2 Ned7 12. Nf3 Nf6 13. O-O e6 14. dxe6 Bxe6 15.
Nd4 d5 16. c5 Nc8 17. b4 a6 18. Bf4 Ne7 19. Na4 Nd7 20. Bd6 Re8 21. a3 Bxd4 22.
Qxd4 Nf5 23. Qf4 Nxd6 24. Qxd6 Qb8 25. Qxb8 Nxb8 26. Nb6 Ra7 27. Rfd1 Rd8 28.
Bf3 d4 29. Rd2 Nc6 30. Re1 Kg7 31. h3 Kf6 32. Kh2 Ne5 33. Kg3 a5 34. b5 Nxf3
35. Kxf3 a4 36. Rc1 Ra5 37. c6 bxc6 38. bxc6 Rd6 39. Re2 Ra7 40. Rxe6+ 1-0

[Event "Obert Figueres Miquel Mas 2010"]
[Site "Figueres ESP"]
[Date "2010.08.18"]
[Round "9.9"]
[White "Prats Rodriguez, Juan Bosco"]
[Black "Vehi Bach, Victor Manuel"]
[Result "0-1"]
[WhiteElo "2106"]
[BlackElo "2405"]
[PlyCount "60"]
[EventDate "2011.08.11"]
[EventType "swiss"]
[EventRounds "9"]
[EventCountry "ESP"]
[Source "lmi"]
[SourceDate "2010.08.11"]

1. e4 c5 2. Nc3 a6 3. g3 b5 4. Bg2 Bb7 5. d3 e6 6. f4 d5 7. Qe2 Nc6 8. exd5 Nd4
9. Qd2 exd5 10. Nge2 Nf5 11. O-O Nf6 12. Re1 Be7 13. Nd1 O-O 14. Nf2 Qb6 15.
Bh3 g6 16. c3 d4 17. cxd4 cxd4 18. Bxf5 gxf5 19. Nxd4 Qxd4 20. Rxe7 Qd5 21.
Rxb7 Qxb7 22. b3 Rfe8 23. Bb2 Nd5 24. Re1 f6 25. Nd1 Qb6+ 26. Kg2 Qc6 27. Rxe8+
Rxe8 28. Kh3 Qe6 29. Nc3 Ne3 30. Ne4 fxe4+ 0-1

[Event "Obert Figueres Miquel Mas 2010"]
[Site "Figueres ESP"]
[Date "2010.08.18"]
[Round "9.10"]
[White "Sabria Batlle, Pol"]
[Black "Gomez, Gustavo Pizzocaro"]
[Result "1-0"]
[WhiteElo "2211"]
[BlackElo "2142"]
[PlyCount "79"]
[EventDate "2011.08.11"]
[EventType "swiss"]
[EventRounds "9"]
[EventCountry "ESP"]
[Source "lmi"]
[SourceDate "2010.08.11"]

1. e4 e5 2. Nf3 Nc6 3. Bb5 a6 4. Ba4 Nf6 5. O-O Be7 6. Re1 b5 7. Bb3 d6 8. c3
O-O 9. h3 Na5 10. Bc2 c5 11. d4 Qc7 12. Nbd2 Rd8 13. d5 c4 14. Nf1 Nb7 15. Ng3
g6 16. Nh2 Bf8 17. Bg5 Bg7 18. Qd2 Rf8 19. h4 Ng4 20. Nxg4 Bxg4 21. a4 Nc5 22.
axb5 axb5 23. f3 Rxa1 24. Rxa1 Bc8 25. h5 f6 26. Be3 f5 27. exf5 Bxf5 28. Nxf5
gxf5 29. h6 Bh8 30. Qf2 f4 31. Bxc5 dxc5 32. Ra6 Rf6 33. Ra8+ Rf8 34. Rxf8+
Kxf8 35. Qh4 Qd6 36. Qg4 Qxh6 37. Qc8+ Kg7 38. Qc7+ Kg8 39. Bf5 Bf6 40. Be6+
1-0

[Event "Obert Figueres Miquel Mas 2010"]
[Site "Figueres ESP"]
[Date "2010.08.18"]
[Round "9.11"]
[White "Parals Marce, Luis"]
[Black "Casanellas Ruano, Lluis"]
[Result "1/2-1/2"]
[WhiteElo "2058"]
[BlackElo "2182"]
[PlyCount "59"]
[EventDate "2011.08.11"]
[EventType "swiss"]
[EventRounds "9"]
[EventCountry "ESP"]
[Source "lmi"]
[SourceDate "2010.08.11"]

1. Nf3 d5 2. d4 Nf6 3. c4 e6 4. e3 Be7 5. Bd3 dxc4 6. Bxc4 O-O 7. O-O c5 8.
dxc5 Qxd1 9. Rxd1 Bxc5 10. b3 b6 11. Bb2 Bb7 12. Ne5 Nc6 13. Nxc6 Bxc6 14. Nc3
Be7 15. Rd2 Rfd8 16. Rxd8+ Rxd8 17. Rd1 Rxd1+ 18. Nxd1 Ne8 19. f3 Bc5 20. Kf2
Nd6 21. Bd3 f6 22. Ke2 e5 23. Nf2 a5 24. e4 Bd7 25. Nd1 Be6 26. Nc3 Bg1 27. h3
Kf7 28. Bc1 Bd4 29. Nb5 Nxb5 30. Bxb5 1/2-1/2

[Event "Obert Figueres Miquel Mas 2010"]
[Site "Figueres ESP"]
[Date "2010.08.18"]
[Round "9.12"]
[White "Sola, Flavien"]
[Black "Lasinskas, Povilas"]
[Result "1-0"]
[WhiteElo "1954"]
[BlackElo "2180"]
[PlyCount "73"]
[EventDate "2011.08.11"]
[EventType "swiss"]
[EventRounds "9"]
[EventCountry "ESP"]
[Source "lmi"]
[SourceDate "2010.08.11"]

1. e4 e5 2. Nf3 Nc6 3. Bb5 a6 4. Bxc6 dxc6 5. O-O f6 6. d4 exd4 7. Nxd4 Ne7 8.
Nc3 Ng6 9. Nf5 Qxd1 10. Rxd1 Bxf5 11. exf5 Nh4 12. Bf4 Rc8 13. g4 h5 14. h3
hxg4 15. hxg4 Be7 16. Rd3 Kf7 17. Rd7 Rhd8 18. Rad1 Rxd7 19. Rxd7 Ke8 20. Rd3
Bd6 21. Bg3 g5 22. Bxd6 cxd6 23. Ne4 Rd8 24. f4 Ke7 25. fxg5 fxg5 26. Re3 d5
27. Nxg5+ Kf6 28. Nh7+ Kg7 29. Re7+ Kh6 30. Kf2 Rh8 31. Rxb7 Nxf5 32. gxf5 Rxh7
33. Rxh7+ Kxh7 34. Ke3 Kg7 35. b4 Kf6 36. Kf4 Ke7 37. Ke5 1-0